Statistics for AS Saint-Etienne Squad 2014-2015

Click here to take the quiz!

General Stats

  • This quiz has been taken 70 times
    (58 since last reset)
  • The average score is 16 of 24

Answer Stats

Nbr Post Nationality Player % Correct
16GKFranceStéphane Ruffier
98%
24DFFranceLoïc Perrin
98%
30GKFranceJessy Moulin
89%
7FWIvory CoastMax-Alain Gradel
86%
21MFFranceRomain Hamouma
86%
19DFGuineaFlorentin Pogba
86%
26DFSenegalMustapha Bayal Sall
82%
9FWTurkeyMevlut Erding
82%
10MFFranceRenaud Cohade
73%
18MFFranceFabien Lemoine
70%
13FWNetherlandsRicky van Wolfswinkel
68%
6MFFranceJérémy Clément
66%
20DFFranceJonathan Brison
64%
29DFFranceFrançois Clerc
61%
22FWFranceKévin Monnet-Paquet
59%
8MFFranceBenjamin Corgnet
57%
28MFIvory CoastIsmael Diomandé
57%
11FWFranceYohan Mollo
48%
27MFFranceFranck Tabanou
48%
2DFFranceKévin Theophile-Catherine
45%
12FWFranceAllan Saint-Maximin
41%
1GKFranceBaptiste Valette
32%
23DFFrancePaul Baysse
30%
14MFFranceLandry Nguemo
27%

Score Distribution

Percentile by Number Answered

Percent of People with Each Score

Your Score History

You have not taken this quiz since the last reset